লোডিং...

Manassu /

গ্রন্থ-পঞ্জীর বিবরন
প্রধান লেখক: Gulab Kothari
অন্যান্য লেখক: Kartha, P K P (Translator)
বিন্যাস: Printed Book
ভাষা:Malayalam
প্রকাশিত: Kozhikode: Mathrubhumi books, 2014.
সংস্করন:2nd ed.
বিষয়গুলি:
LEADER 00684 a2200217 4500
008 161202b xxu||||| |||| 00| 0 mal d
999 |c 112434  |d 112434 
020 |a 9788182661066 
082 |a 153 
100 |a Gulab Kothari 
245 |a Manassu /  |c Gulab Kothari 
250 |a 2nd ed. 
260 |b Mathrubhumi books,  |c 2014.  |a Kozhikode: 
300 |a 216p.  |c 21cm. 
546 |a In malayalam 
650 |a Psychology 
650 |a Self-control 
650 |a Consciousness 
700 |a Kartha, P K P  |e Translator 
942 |2 ddc  |c BK 
952 |0 0  |1 0  |4 0  |6 153_000000000000000_GUL_M_M  |7 0  |9 118452  |a UL  |b UL  |c ST1  |d 2016-08-05  |e 176  |g 115.60  |l 12  |m 4  |o 153 GUL/M M  |p 94602  |r 2021-06-17  |s 2021-03-29  |v 170.00  |y BK